000 00659nmm a2200265 a 4500
003 AR-BaBNM
005 20251128211736.0
008 276020s1998 ||||||||||||||000 | spa||
020 _a968-19-0391-9
040 _cAR-BaBNM
100 1 _aFuentes, Carlos
245 1 0 _aRetratos en el tiempo
260 _aMéxico, D.F.
_bAlfaguara
_c1998
300 0 _a142 p.
_bfot.
650 4 _aLITERATURA MEXICANA
650 4 _aLITERATURA CONTEMPORANEA
650 4 _aFOTOGRAFIA
650 4 _aFOTOGRAFOS
653 0 _aRETRATO
653 0 _aNARRATIVA
655 _aLITERATURA
700 1 _aFuentes Lemus, Carlos
_efotógrafo
942 _cBK
998 _cmartin
999 _c20914
_d20914